000 00920nam a2200277 a 4500
001 BRCA_8323
005 20190320210228.0
008 270614s1930----gw-a###f##---#001-0#ger-#
041 _ager
044 _agw
050 4 _aNA440
_b.C53 1930
100 1 _aClasen Karl-Heinz
_920786
245 1 0 _aBaukunst des mittelalters die gotische baukunst
_cvon Karl-Heinz Clasen ; begründet von Fritz Burger ; herausgegeben von A. E. Brinckmann.
260 _aAlemania
_bAkadamische Verlagsgesellschaft Athenaion
_c1930
300 _a255 p.
_bil., 254 láminas
_c29 cm.
440 0 _aHandbuch der Kunstwissenschaft
_920787
500 _aR32
504 _aBibliografía 243-248
650 1 4 _aArquitectura medieval
_920788
650 1 4 _aArquitectura gótica
_92038
650 1 4 _aArquitectura religiosa
_94011
700 1 _aBurger, Fritz
_920789
700 1 _aBrinckmann, A. E.
_eed.
_920790
902 _aGFM
942 _2lcc
_cB
999 _c7991
_d7991